Recent progress in many-body theories (Record no. 7805)

MARC details
000 -LEADER
fixed length control field 01001nam a2200253Ia 4500
003 - CONTROL NUMBER IDENTIFIER
control field IN-BaIIA
008 - FIXED-LENGTH DATA ELEMENTS--GENERAL INFORMATION
fixed length control field 211028s9999 xx 000 0 eng d
020 ## - INTERNATIONAL STANDARD BOOK NUMBER
International Standard Book Number 3-540-10710-X
040 ## - CATALOGING SOURCE
Transcribing agency IIA Library
080 ## - UNIVERSAL DECIMAL CLASSIFICATION NUMBER
Universal Decimal Classification number 521.131(082.2)
Item number REC
111 ## - MAIN ENTRY--MEETING NAME
Meeting name or jurisdiction name as entry element Conference Recent Progress in Many-Body Theories
Number of part/section/meeting 2nd
Location of meeting Mexico
Date of meeting or treaty signing 1981 Jan. 12-17
9 (RLIN) 13176
245 #0 - TITLE STATEMENT
Title Recent progress in many-body theories
Remainder of title proceedings of the second international conference held at Oaxtepec, Mexico, January 12-17, 1981
Statement of responsibility, etc. edited by J. G. Zabolitzky…[et al.]
260 ## - PUBLICATION, DISTRIBUTION, ETC.
Place of publication, distribution, etc. Berlin
Name of publisher, distributor, etc. Springer-Verlag
Date of publication, distribution, etc. 1981
300 ## - PHYSICAL DESCRIPTION
Extent viii, 479p.
490 ## - SERIES STATEMENT
Series statement Lectures notes in physics; v. 142
650 ## - SUBJECT ADDED ENTRY--TOPICAL TERM
Topical term or geographic name entry element Astronomy and astrophysics thesaurus
650 ## - SUBJECT ADDED ENTRY--TOPICAL TERM
Topical term or geographic name entry element Celestial mechanics
650 ## - SUBJECT ADDED ENTRY--TOPICAL TERM
Topical term or geographic name entry element Many body theories
9 (RLIN) 13177
700 ## - ADDED ENTRY--PERSONAL NAME
Personal name Clark, J.W., ed.
9 (RLIN) 13178
700 ## - ADDED ENTRY--PERSONAL NAME
Personal name de llano, M., ed.
9 (RLIN) 13179
700 ## - ADDED ENTRY--PERSONAL NAME
Personal name Fortes, M., ed.
9 (RLIN) 13180
700 ## - ADDED ENTRY--PERSONAL NAME
Personal name Zabolitzky, J. G., ed.
9 (RLIN) 13181
942 ## - ADDED ENTRY ELEMENTS (KOHA)
Koha item type Books
Holdings
Withdrawn status Lost status Damaged status Not for loan Home library Current library Shelving location Date acquired Cost, normal purchase price Total Checkouts Full call number Barcode Date last seen Cost, replacement price Price effective from Koha item type Purchase Price
        IIA Library-Bangalore IIA Library-Bangalore General Stacks 05/12/1983 201.25   521.131(082.2)/ REC 8622 05/11/2021 201.25 05/12/1983 Books Rs. 201.25

Powered by Koha